| 000 | 00929nam a22002897a 4500 | ||
|---|---|---|---|
| 001 | 8182 | ||
| 003 | FISKH | ||
| 005 | 20250901135335.0 | ||
| 008 | 250901b cb ||||| |||| 00| 0 eng d | ||
| 040 |
_aFISKH _beng _cFISKH _dFISKH |
||
| 050 | _aPZ7 | ||
| 082 | _a398.220947 | ||
| 100 | _aJackson, Ellen | ||
| 245 |
_aA tale of two Turkeys / _cBy Ellen Jackson ; Illustrated by Jenny Williams |
||
| 250 | _aThis edition first published in 1996 | ||
| 260 |
_aNew York : _bTroll, _c1996 |
||
| 300 |
_a30 unnumbered pages : _bcolor illustrations ; _c21 cm |
||
| 505 | _aG | ||
| 520 | _aYoshka cures the czar of Russia from a terrible illness, and outwits the people who tried to trick him. | ||
| 521 | 8 |
_a350
_bLexile |
|
| 521 | 8 |
_aG
_bRaz-Plus |
|
| 650 |
_2Dark Green _aFolk & Fairy Tales |
||
| 650 |
_2 November _a Thanksgiving |
||
| 700 |
_aWilliams, Jenny _dillustrator |
||
| 942 |
_2ddc _cBK _n0 |
||
| 999 |
_c8182 _d8182 |
||